|
|
|
|
| LEADER |
00000nam0a2200000 4500 |
| 001 |
289004 |
| 005 |
20231102000139.0 |
| 010 |
|
|
|a 9785703839317
|
| 035 |
|
|
|a (RuTPU)RU\TPU\book\313509
|
| 090 |
|
|
|a 289004
|
| 100 |
|
|
|a 20150331d2015 m y0rusy50 ca
|
| 101 |
0 |
|
|a rus
|
| 102 |
|
|
|a RU
|
| 105 |
|
|
|a a j 001zy
|
| 200 |
1 |
|
|a Машины низкотемпературной техники. Криогенные машины и инструменты
|e учебник для вузов
|f под ред. А. М. Архарова , И. К. Буткевича
|
| 205 |
|
|
|a 2-е изд., испр.
|
| 210 |
|
|
|a Москва
|c Изд-во МГТУ им. Н. Э. Баумана
|d 2015
|
| 215 |
|
|
|a 534 с.
|c ил.
|
| 225 |
1 |
|
|a Техническая физика и энергомашиностроение
|
| 320 |
|
|
|a Библиогр.: с. 532-533.
|
| 330 |
|
|
|a Во втором издании (первое - 2010 г.) приведены методы расчета и конструирования криогенных машин, безмашинных криогенераторов и криоинструмен-тов, наиболее широко применяемых в низкотемпературной технике. Рассмотрены поршневые и лопастные машины, предназначенные для криогенерации (детандеры, криогенные газовые машины) и для циркуляции криоагента (насосы), а также криогенные аппараты, реализующие струйный, вихревой, пульсационный, волновой и магнитокалорический эффекты при получении холода. Даны расчеты и конструкции специфических криогенераторов и криоинструментов, используемых в криохирургии. Описаны процессы, которые происходят в машинах и аппаратах, работающих в двухфазной области параметров состояния криоагентов.Содержание учебника соответствует курсу лекций, который авторы читают в МГТУ им. Н.Э. Баумана.Для студентов, инженеров, магистров, аспирантов и специалистов.
|
| 606 |
1 |
|
|a Техника низких температур
|2 stltpush
|3 (RuTPU)RU\TPU\subj\60033
|9 77523
|
| 610 |
1 |
|
|a криогенные машины
|
| 610 |
1 |
|
|a низкотемпературные машины
|
| 610 |
1 |
|
|a применение
|
| 610 |
1 |
|
|a расширительные машины
|
| 610 |
1 |
|
|a рабочие процессы
|
| 610 |
1 |
|
|a поршневые детандеры
|
| 610 |
1 |
|
|a криогенные турбодетандеры
|
| 610 |
1 |
|
|a криогенные газовые машины
|
| 610 |
1 |
|
|a безмашинные криогенераторы
|
| 610 |
1 |
|
|a криогенные насосы
|
| 610 |
1 |
|
|a учебники
|
| 675 |
|
|
|a 621.59(075.8)
|v 4
|
| 702 |
|
1 |
|a Архаров
|b А. М.
|g Алексей Михайлович
|4 340
|
| 702 |
|
1 |
|a Буткевич
|b И. К.
|g Игорь Константинович
|4 340
|
| 801 |
|
1 |
|a RU
|b 63413507
|c 20150331
|
| 801 |
|
2 |
|a RU
|b 63413507
|c 20160226
|g RCR
|
| 900 |
|
|
|a Холодоснабжение промпредприятий
|
| 942 |
|
|
|c BK
|
| 951 |
|
|
|l 8
|
| 959 |
|
|
|a 13/20150205
|d 5
|e 0
|f ЧЗТЛ:1
|f УФ:4
|
| 959 |
|
|
|a 133/20151027
|d 3
|e 0
|f ЧЗТЛ:1
|f УФ:2
|